| 000 | 02419nam a2200469Ma 4500 | ||
|---|---|---|---|
| 001 | 286412018 | ||
| 003 | OCoLC | ||
| 005 | 20210411114216.0 | ||
| 006 | m d | ||
| 007 | cr cn|---||||| | ||
| 008 | 081210s2009 dcua sb 001 0 eng d | ||
| 020 | _a1934465135 | ||
| 020 | _a9781934465134 | ||
| 035 | _a(OCoLC)286412018 | ||
| 040 |
_aUMM _cUMM |
||
| 049 | _aYYEA | ||
| 080 |
_a61 _bA-35 |
||
| 096 | _aW 18.2 I61 2009 | ||
| 100 | 1 | _aAlguire, Patrick C. | |
| 245 | 1 | 0 |
_aInternal medicine essentials for clerkship students 2 / _h[electronic resource] _cPatrick C. Alguire ; American College of Physicians, Clerkship Directors in Internal Medicine. |
| 260 |
_a[Washington, D.C.] : _bACP Press, _cc2009. |
||
| 300 |
_a346 p. _bcolor plates 8 p. |
||
| 365 | _b16.48 usd | ||
| 500 | _aEINSTEIN: available online via R2. See Reference staff for assistance. | ||
| 500 | _aEINSTEIN: Contributors include Eric H. Green and Hanah Polotsky. | ||
| 504 | _aIncludes bibliographical references and index. | ||
| 520 | _aA collaboration of the American College of Physicians and the Clerkship Directors in Internal Medicine, this new edition was written by authors who helped design the internal medicine curriculum and who are actively involved in teaching students on the Internal Medicine clerkship. Prepare for internal medicine clinical rounds and the end-of-rotation exam with the fully revised and updated Internal Medicine Essentials for Clerkship Students 2! This new edition is organized around the major training areas included in the nationally recognized Core Medicine Clerkship Curriculum Guide. | ||
| 590 | _ac.1 10038371 Majors 11/20/08 450.00. | ||
| 590 | _ac.2 Ritt 1/4/13 $179.10. | ||
| 650 | 1 | 2 |
_aInternal Medicine _vProblems and Exercises. |
| 650 | 1 | 0 |
_aMedicine _969 |
| 650 | 2 | 2 |
_aClinical Clerkship _vProblems and Exercises. |
| 653 | _aმედიცინა | ||
| 653 | _aშინაგანი მედიცინა | ||
| 653 | _aშინაგანი მედიცინის კლერკშიფი | ||
| 655 | 7 | _aElectronic books. | |
| 710 | 2 | _aAmerican College of Physicians. | |
| 710 | 2 | _aClerkship Directors in Internal Medicine. | |
| 710 | 2 | _aR2 Library (Online service) | |
| 856 | 4 |
_uhttps://elibrary.einsteinmed.org/login?url=https://www.R2Library.com/marc_frame.aspx?ResourceID=969 _zEINSTEIN: R2 Library ebook collection |
|
| 942 |
_2ddc _cBK |
||
| 999 |
_c86 _d86 |
||